000 00843nam a22002177a 4500
005 20151214091034.0
008 151214b cl||||| |||| 00| 0 spa d
020 _a9789586651134
050 0 4 _aB2430 .S34
_bG66 2008
100 1 _aGómez-Muller, Alfredo
245 1 0 _aSartre, de la náusea al compromiso /
_cAlfredo Gómez Muller ; tr. de Ángela Calvo de Saavedra
250 _a1a ed.
260 _aBogotá, Colombia :
_bSiglo del Hombre Editores : Pontificia Universidad Javeriana,
_c2008
300 _a250 p. ;
_c21 cm.
490 0 _a Serie LinkBiblioteca universitaria. Ciencias sociales y humanidades. Filosofía
600 1 _aSartre, Jean-Paul,
_d1905-1980
_xCrítica e interpretación
650 4 _aCrítica e interpretación
650 4 _aExistencialismo
700 1 _aCalvo de Saavedra, Ángela,
_etr.
942 _2lcc
_cLIB
999 _c110693
_d110693